Music Quiz

Random Music or Lyrics Quiz

Countries In Song Lyrics Quiz Stats

Quiz Updated Jun 10, 2015

Challenge
Share
Tweet
Score 0/20 Timer 07:00
26 Plays Today
% Correct
8. Mexico
94.9%
7. Japan
94.7%
4. Canada
94.5%
9. Italy
93.9%
6. Spain
93.7%
11. China
93.3%
3. India
93.2%
15. Russia
93.1%
5. Egypt
91.9%
17. France
91.7%
% Correct
20. Australia
91.1%
19. Sweden
88.8%
10. Colombia
82.3%
18. Afghanistan
80.7%
1. Ukraine
80.4%
13. Vietnam
78.3%
2. Philippines
74.6%
12. Venezuela
70.1%
16. Zimbabwe
55.5%
14. Mozambique
55.1%

You're not logged in!

Compare scores with friends on all Sporcle quizzes.
Join for Free
OR
Log In

You Might Also Like...

Show Comments

Extras

Top Quizzes Today


Score Distribution

Your Account Isn't Verified!

In order to create a playlist on Sporcle, you need to verify the email address you used during registration. Go to your Sporcle Settings to finish the process.

Report this User

Report this user for behavior that violates our Community Guidelines.

Details: